| 000 | 01088nam a2200301Ia 4500 | ||
|---|---|---|---|
| 003 | OSt | ||
| 005 | 20221006141400.0 | ||
| 006 | a|||||r|||| 00| 0 | ||
| 007 | ta | ||
| 008 | 221006b |||||||| |||| 00| 0 eng d | ||
| 020 |
_c _70.00(for each set) |
||
| 024 | _a2,023 | ||
| 037 |
_b378, 04/01/2012, Independent Publishers Group _cTextual |
||
| 040 |
_aEASL _cEASL _beng |
||
| 041 |
_2eng _aeng |
||
| 082 | _aY:1.41.N5, K0;N9. | ||
| 100 |
_aDe BARY Wm. Theodore de etc. Co. _9645539 |
||
| 245 | 0 |
_aSources of Chinese tradition _b From earliest times to 1600, 2 Vols. |
|
| 260 |
_aNew York _bColumbia University Press _c1960 |
||
| 300 |
_a998+636p. _ccm. |
||
| 490 | _aIntroduction to oriental civilizations | ||
| 650 |
_a China - civilization - sources _9645540 |
||
| 650 | _aCEL | ||
| 700 |
_a Bloom Irene Co. _9645541 |
||
| 700 |
_a Lufrano Richard Co. _9645542 |
||
| 942 |
_hY:1.41.N5, K0;N9. _cTEXL _2CC |
||
| 999 |
_c1070109 _d1070109 |
||